La enfermedad infantil del izquierdismo en el comunismo

Guardat en:
Dades bibliogràfiques
Autor principal: Lenin, Vladimir Ilich (Autor)
Format: Llibre
Idioma:espanyol
Publicat: Beijing Ediciones en lenguas extranjeras 1968
Edició:1a. ed
Matèries:
Etiquetes: Afegir etiqueta
Sense etiquetes, Sigues el primer a etiquetar aquest registre!

MARC

LEADER 00000nam a2200000 a 4500
001 UCJ8166
003 CL-VaPUC
005 20210526001417.0
008 070124e19680000CH |||||||||||||||||spa|d
999 |c 323961  |d 323959 
040 |c Pontificia Universidad Católica de Valparaíso 
082 0 4 |a 335.4  |b LEN  |2 21 
100 |a Lenin, Vladimir Ilich  |e author  |9 860395 
245 1 3 |a La enfermedad infantil del izquierdismo en el comunismo 
250 |a 1a. ed 
260 |a Beijing  |b Ediciones en lenguas extranjeras  |c 1968 
300 |a 135 p 
583 |a last modification  |c 20070124 00:00:00  |k Rodrigo Vera 
650 0 |a Comunismo  |9 255588 
942 |c BK  |2 ddc 
945 |d 20070124 00:00:00  |a rinostro 
952 |0 0  |1 0  |4 0  |6 335_400000000000000_LEN_1968  |7 0  |8 X  |9 403834  |a FDOBUD  |b FDOBUD  |d 2019-11-22  |i 1073893  |o 335.4 LEN 1968  |p 1073893  |r 2019-11-22  |w 2019-11-22  |y BK_X  |k BUD